000 01154cam a2200313 i 4500
001 14981387
003 EG-ScBUE
005 20250518093128.0
008 070827t2008 gw a f b 001 0 eng d
020 _a9783540751168 (hbk.)
035 _a(OCoLC)ocn173239486
040 _aEG-ScBUE
_beng
_erda
_cEG-ScBUE
_dEG-ScBUE
082 0 4 _a532.015118
_222
_bSTE
100 1 _aSteinhauser, Martin O.
_q(Martin Oliver),
_95697
_eauthor.
245 1 0 _aComputational multiscale modeling of fluids and solids :
_btheory and applications /
_cM. O. Steinhauser.
264 1 _aBerlin :
_bSpringer,
_c[2008]
264 4 _cc2008
300 _axvii, 427 pages :
_billustrations ;
_c24 cm
336 _2rdacontent
_atext
_btxt
337 _aunmediated
_2rdamedia
_bn
338 _avolume
_bnc
_2rdacarrier
500 _aWith 141 figures and applications.
504 _aIncludes bibliographical references and index.
650 7 _aFluids
_xMathematical models.
_95698
_2BUEsh
650 7 _aSolids
_xMathematical models.
_95699
_2BUEsh
655 _vReading book
856 4 1 _3Table of contents only
_uhttp://www.loc.gov/catdir/toc/fy0803/2007936129.html
942 _2ddc
_cBB
999 _c11706
_d11706